00442nmm a2200169Ia 4500008004100000020001800041041000800059100002100067245001100088264004200099300001700141490001300158650002600171856005100197942000700248999001700255251105s9999||||xx |||||||||||||||||und|| a9788498165968 aspa aNezahualcóyotl 0aPoemas a[Madrid, España] :bLinkgua, c2011 a56 páginas aPoesía aLatin American poetry uhttps://public.digitaliapublishing.com/a/16837 cCF c91309d91309